| 000 | 00376nam a2200157Ia 4500 | ||
|---|---|---|---|
| 001 | 26931 | ||
| 003 | Ost | ||
| 005 | 20260507160144.0 | ||
| 008 | 251113s9999||||xx |||||||||||||| ||eng|| | ||
| 040 | _cnitttr | ||
| 041 | _aeng | ||
| 082 |
_a620.106 _bI8 |
||
| 100 | _aShaughnessy, Edward J. | ||
| 245 | 0 |
_aIntroduction to fluid mechanics / _cShaughnessy, Edward J. |
|
| 942 | _cBK | ||
| 999 |
_c26741 _d26741 |
||